00576 2200193 4500001002100000005001500021035002000036007000300056008003900059082000700098084001300105100003400118245012200152250001000274260004600284300002500330600001200355990001500367INLIS00000000000989220260417084805 a0010-0426000269ta260417 | | |  a51 a51 BIN a0 aBINTANG RIESTON MAULANA HARIS1 aANALISIS DESAIN JEMBATAN PILE SLAB PADA PEMBANGUNAN DERMAGA PERIKANAN KUALA PEMBUANG /cBINTANG RIESTON MAULANA HARIS aCet 1 aPalangka Raya :bPerpustakaan UMPR,c2023 axii, 93 hlm :bilus. 4aSKRIPSI a1851019603